000 00560nam a2200205Ia 4500
003 OSt
005 20230515113640.0
008 210423s1987 xx 000 0 und d
040 _cAL
041 _aeng
082 _a910.3
_223
_bGOVK
100 _aGOVERNMENT OF KARNATAKA
_9103715
245 _aKarnataka state gazetteer: Bidar district
260 _aBangalore
_bGovernment Of Karnataka
_c1987
300 _a660+
_bHB
365 _cINR
650 _aGeography
_9103716
906 _aBidar ; district ; gazetteers: ; Karnataka ; state
942 _2ddc
_cBK
999 _c172085
_d172085